Les Nouvelles Aventures de Sabrina : 50 personnages en 10 min - Statistiques

Statistiques générales
  • Ce quiz a été pris 4 fois
  • Le résultat moyen est 6 sur 50
Statistiques - réponses
Hint Réponse % Correct
4 Hilda Spellman
100%
5 Ambrose Spellman
50%
20 Diana Spellman
50%
18 Dr Cerberus
50%
21 Edward Spellman
50%
2 Harvey Kinkle
50%
14 Luke
50%
7 Rosalind Walker
50%
1 Sabrina Spellman
50%
3 Zelda Spellman
50%
27 Adam Masters
0%
9 Agatha
0%
46 Asmodeus
0%
40 Batibat
0%
47 Beelzebub
0%
16 Billy Marlin
0%
29 Caliban
0%
33 Carcosa
0%
35 Circe
0%
23 Constance Blackwood
0%
10 Dorcas
0%
24 Dorian Gray
0%
43 Dorothea Putnam
0%
26 Elspeth
0%
11 Faustus Blackwood
0%
17 George Hawthorne
0%
42 Gryla
0%
39 Jesse Putman
0%
15 Joe Putnam
0%
44 Judas Blackwood
0%
45 Judith Blackwood
0%
28 Lucifer Morningstar
0%
6 Madam Satan
0%
30 Mambo Marie LeFleur
0%
31 Mary Wardwell
0%
25 Melvin
0%
38 Mr Kemper
0%
19 Mr Kinkle
0%
37 Mrs Kemper
0%
34 Nagaina
0%
41 Nana Ruth Walker
0%
13 Nicholas Scratch
0%
8 Prudence Blackwood
0%
48 Purson
0%
32 Robin Goodfellow
0%
36 Salem
0%
50 Stolas
0%
12 Theo Putnam
0%
22 Thomas Kinkle
0%
49 Vinegar Tom
0%
Aucun quiz correspondant
Distribution des résultats
% des personnes avec chaque résultat
Percentile par nombre de réponses
Votre historique - résultats
Vous n’avez pas pris ce quiz